000 00529nam a2200193Ia 4500
005 20250326145153.0
008 250326s9999 xx 000 0 und d
037 _aTextbook
040 _aFMSL
_beng
_cFMSL
041 _aeng
_2eng
084 _aX:54.2 P1
_qFMSL
100 _aChakravarti R
_9605499
245 0 _aTrade in early India
_cChakravarti R
260 _aNew Delhi
_bNew Delhi, Oxford Unviersity
_c2004
365 _b445
650 _aManagement
942 _cTB
_hX:54.2 P1
999 _c1306626
_d1306626